Music Quiz

Random Music or Clip Quiz

British song by clip Quiz Stats

 Plays Quiz not verified by Sporcle

Score 0/26 Timer 07:00
0 Plays Today
Time Title % Correct
1:08-1:13Wonderwall
84.2%
0:38-0:43Don't stop me now
82.4%
0:53-0:58It's not unusual
79.3%
0:15-0:20Paint it black
77.9%
0:46-0:51Faith
77%
0:00-0:05Live and let die
75.9%
3:13-3:18Never gonna give you up
68.9%
2:33-2:38Song 2
67.7%
1:55-2:00Ruby
65.9%
2:18-2:23Angels
65.9%
2:10-2:15Grace Kelly
60.1%
2:25-2:30Kiss from a rose
60.1%
1:25-1:30The Scientist
59.6%
Time Title % Correct
0:22-0:27Go your own way
59.2%
1:40-1:45Clint Eastwood
59.2%
0:08-0:13Candle in the wind
52.9%
2:03-2:08Somewhere only we know
46.7%
1:00-1:05Every little thing she does is magic
46.4%
0:30-0:35Fame
39.5%
2:49-2:54Tiny dancer
35.1%
2:41-2:46Rockafeller skank
33%
3:05-3:10She said
27.2%
1:16-1:21You’re beautiful
10.7%
1:48-1:53They
10.5%
2:57-3:02Dirtee Cash
9.1%
1:33-1:38You make me wanna
5.6%

You're not logged in!

Compare scores with friends on all Sporcle quizzes.
OR
Log In

Show Comments

Extras

Top Quizzes Today


Score Distribution

Your Account Isn't Verified!

In order to create a playlist on Sporcle, you need to verify the email address you used during registration. Go to your Sporcle Settings to finish the process.

Report this User

Report this user for behavior that violates our Community Guidelines.

Details: